Etelä-Karjalan taajamat - Statistics

Yleistilastot
  • Tätä visaa on pelattu 98 kertaa
  • Keskiarvotulos 12 / 21
Vastaustilastot
Asukasluku Taajama % Oikein
55 743 Lappeenranta
97%
28 184 Imatra
95%
684 Lemi
89%
1829 Savitaipale
85%
906 Taipalsaari
85%
1543 Parikkala
84%
6876 Joutseno
81%
214 Rautjärvi
73%
1685 Simpele
73%
2126 Taavetti
73%
406 Ylämaa
62%
225 Nuijamaa
59%
1838 Saimaanharju
41%
785 Jurvala
35%
415 Särkisalmi
32%
285 Hytti
19%
676 Kuukanniemi
19%
2608 Rasila
19%
252 Akonpohja
18%
270 Iitiä
15%
225 Oritlampi
8%
Ehtoja vastaavia visoja ei löytynyt
Tulosjakauma
Jokaisen tuloksen saaneiden osuus
Persentiili vastausten määrän mukaan
Tuloshistoriasi
Et ole pelannut tätä visaa